Les 10 pays ayant été les plus sanctionné par la Russie - Statistiques

Statistiques générales
  • Ce quiz a été pris 27 fois
    7 depuis la dernière actualisation
  • Le résultat moyen est 10 sur 12
Statistiques - réponses
Nombre de sanctions Pays % Correct
Plusieurs dizaines Allemagne
100%
Plusieurs centaines États-Unis
100%
Plusieurs dizaines France
100%
Plusieurs dizaines Pologne
100%
Plus de 900 fois Ukraine
100%
Plus de 400 fois Estonie
86%
Plus de 400 fois Japon
86%
Plus de 400 fois Lettonie
86%
Plus de 400 fois Lituanie
86%
Plus de 500 fois Royaume-Uni
86%
Plusieurs centaines Canada
71%
Plus de 400 fois Australie
43%
Aucun quiz correspondant
Distribution des résultats
% des personnes avec chaque résultat
Percentile par nombre de réponses
Votre historique - résultats
Vous n’avez pas pris ce quiz depuis la dernière actualisation